[Event "Canoa op"]
[Site "Canoa"]
[Date "2024.10.12"]
[Round "3"]
[White "Lima, Edson Henrique"]
[Black "Santos, Inacio Eduardo Andr"]
[Result "1-0"]
[WhiteElo "1987"]
[BlackElo "1803"]
[PlyCount "61"]
[EventDate "2024.10.11"]
[EventType "swiss"]
[EventRounds "6"]
[EventCountry "BRA"]
[SourceTitle "CB43_2024"]
[Source "Chessbase"]
[SourceDate "2024.10.23"]
[SourceVersion "1"]
[SourceVersionDate "2024.10.23"]
[SourceQuality "1"]

1. e4 e5 2. Nf3 Nc6 3. Nc3 Nf6 4. h3 d5 5. exd5 Nxd5 6. Bb5 Nxc3 7. bxc3 Bd6 8. d4 0-0 9. 0-0 e4 10. Ng5 Bf5 11. Re1 Re8 12. f3 h6 13. fxe4 Bg3 14. Rf1 Bg6 15. Nxf7 Bxf7 16. Qf3 Qe7 17. Qxg3 Qxe4 18. Rxf7 Qe1+ 19. Qxe1 Rxe1+ 20. Rf1 Rxf1+ 21. Kxf1 Ne7 22. Bd3 c6 23. Ba3 Nd5 24. Bc4 Kh8 25. Bxd5 cxd5 26. Ke2 b5 27. Rf1 Kg8 28. Bc5 a6 29. a4 bxa4 30. Ra1 Rb8 31. Rxa4 1-0

[Event "Fortaleza Cearense-ch"]
[Site "Fortaleza"]
[Date "2023.01.14"]
[Round "5"]
[White "Lima Filho, Gilberto Faco"]
[Black "Lima, Edson Henrique"]
[Result "1-0"]
[WhiteElo "1955"]
[BlackElo "1678"]
[PlyCount "63"]
[EventDate "2023.01.07"]
[EventType "tourn"]
[EventRounds "9"]
[EventCountry "BRA"]
[SourceTitle "CBM 212 Extra"]
[Source "ChessBase"]
[SourceDate "2023.03.31"]
[SourceVersion "1"]
[SourceVersionDate "2023.03.31"]
[SourceQuality "1"]

1. e4 Nf6 2. Nc3 d6 3. d4 g6 4. f3 Bg7 5. Be3 c6 6. Qd2 h5 7. Bd3 b5 8. a3 Qc7 9. Nge2 Nbd7 10. d5 a6 11. dxc6 Qxc6 12. Nd4 Qc7 13. Bg5 Nb6 14. 0-0-0 Bd7 15. Kb1 Rc8 16. h3 Nc4 17. Bxc4 Qxc4 18. Rhe1 0-0 19. g4 hxg4 20. hxg4 a5 21. Rh1 Nh7 22. Rxh7 Kxh7 23. Qh2+ Kg8 24. Rh1 f6 25. Bh6 Rf7 26. Be3 e5 27. Qh7+ Kf8 28. Nd5 g5 29. Nb6 Qc7 30. Nxd7+ Qxd7 31. Nf5 Qe6 32. Qh8+ 1-0